000 00554nam a2200157 4500
008 151014b xxu||||| |||| 00| 0 eng d
020 _a9780558699796
050 _aHG 173 .M57 2010
100 _aMishkin, Frederic S.
_d2010.
245 _aThe economics of money, Banking & financial markets.
_cFrederic S. Mishkin.
250 _aCustom ed. for UMUC ECON 430
260 _aNew York:
_bPearson Custom publish,
_c2010.
300 _axli, 664[43] p. : ill.
_bIncludes index.
650 _aEconomics.
942 _2lcc
_cBOOKS
_hHG 173 .M57 2010
999 _c8666
_d8666